000 00318nam a22001337a 4500
008 170627b xxu||||| |||| 00| 0 eng d
020 _a9791593343872
041 _aeng
080 _a82
100 _a21
101 _aGJL
245 _aPOCKET DICTIONARY & LANGUAGE GUIDE
_cTHE VISTA HIGHER LEARNING
942 _2udc
_cBK
999 _c19283
_d19283